Fundamental principles of polymeric materials /

Guardado en:
Autor Principal: Rosen, Stephen L., 1937-
Formato: Libro
Idioma:English
Publicado: New York : Wiley, c1993.
Edición:2nd ed.
Series:SPE monographs,
Materias:
Acceso en línea:Descripción
Tabla de contenido
Etiquetas: Agregar Etiqueta
Sin Etiquetas, Sea el primero en etiquetar este registro!
LEADER 00985pam a22002655a 4500
001 EIQ.libpla001145
008 920407s1993####nyua#####b####001#0#eng#d
005 20060809175207.0
245 1 0 |a Fundamental principles of polymeric materials /  |c Stephen L. Rosen. 
250 |a 2nd ed. 
260 |a New York :  |b Wiley,  |c c1993. 
300 |a xvi, 420 p. :  |b il. ;  |c 25 cm. 
440 0 |a SPE monographs,  |x 0195-4288 
500 |a "A Wiley-Interscience publication." 
504 |a Incluye referencias bibliográficas e índice. 
020 |a 0471575259 (cloth : acid-free paper) 
100 1 |a Rosen, Stephen L.,  |d 1937- 
082 0 0 |a 668.9  |2 20 
650 4 |a Polímeros  |x Teoría. 
650 4 |a Polymers  |x Theory. 
010 |a  92010973  
040 |a DLC  |c DLC  |d AR-BbSID 
856 4 2 |3 Descripción  |u http://www.loc.gov/catdir/description/wiley031/92010973.html 
856 4 |3 Tabla de contenido  |u http://www.loc.gov/catdir/toc/onix02/92010973.html 
859 |a AR-BbSID  |b BIB. PLAPIQUI  |h 620.192  |i R 72  |p 5133